| 000 | 00474nmc a2200181 a 4500 | ||
|---|---|---|---|
| 003 | AR-BaBNM | ||
| 005 | 20251128203335.0 | ||
| 008 | 011101s1969 ||||||||||||||000 | spa|| | ||
| 040 | _cAR-BaBNM | ||
| 100 | 1 | _aFischer, Rosa | |
| 245 | 1 | 0 |
_aEl método global analítico _bventajas de su aplicación |
| 250 | _a1ª ed. | ||
| 260 |
_aBuenos Aires _bKapelusz _c1969 |
||
| 300 | 0 |
_a48 p. _bil. |
|
| 490 | 0 |
_aCuaderno pedagógico Kapelusz _vv. 2 |
|
| 942 | _cBK | ||
| 998 | _cCarmen | ||
| 999 |
_c2973 _d2973 |
||